00870nam a2200217 a 450000100100000000500170001000800410002704000250006808200150009310000300010824501040013824600620024226000380030430000310034250000630037350400330043670000430046904900090051295201140052199900170063500002255820200930021656.0101013s1998 dr c 000 0 spa d aDO-SdBNPbspacBNPHU axxxbM722c1 aMolina, Antonio J.93329210a150 años de zarzuela en Puerto Rico y Cuba /cAntonio J. Molina; prólogo Ignacio Morales Nieva.12aCiento cincuenta años de Zarzuela en Puerto Rico y Cuba aSan Juan :bRamallo Bros.,c1998. a702 p. :bretrs. ;c23 cm. aIncluye datos biográficos del autor en la contracubierta aBibliografías [p. 697-702]1 aMorales Nieva, Ignacioepról.946434 aBNPD 0010718PDaPDbPDcCTd2010-12-01iLF1l0oxxx M722cp22558-140r2020-06-25w2020-06-25yLFPDZNo se presta c22055d22055